Adolescence and Personality Growth: (Record no. 198203)

MARC details
000 -LEADER
fixed length control field 00560nam a22001817a 4500
005 - DATE AND TIME OF LATEST TRANSACTION
control field 20230915145440.0
010 ## - LCCN (DPL NO)
LC control number ENG-138009
020 ## - INTERNATIONAL STANDARD BOOK NUMBER
Terms of availability 495.00
035 ## - SYSTEM CONTROL NUMBER
System control number EN-121541
037 ## - SOURCE OF ACQUISITION
Source of stock number/acquisition DBAD/PUB
082 ## - DEWEY DECIMAL CLASSIFICATION NUMBER
Classification number 155.25
100 ## - MAIN ENTRY--PERSONAL NAME
Personal name Joseph, M.D.
245 ## - TITLE STATEMENT
Title Adolescence and Personality Growth:
Statement of responsibility, etc J.Sunderam &K.M.Bhardri
Remainder of title A Philosophical & Psychological Probe
260 ## - PUBLICATION, DISTRIBUTION, ETC. (IMPRINT)
Place of publication, distribution, etc Assam
Name of publisher, distributor, etc EBH Publishers
Date of publication, distribution, etc 2021
270 ## - ADDRESS
Address 136,M.L.Nehru Road, Panbazar
City Guhawati
Postal code 781001
300 ## - PHYSICAL DESCRIPTION
Extent 64P
Dimensions 25cm(pbk)
942 ## - ADDED ENTRY ELEMENTS (KOHA)
Source of classification or shelving scheme Dewey Decimal Classification
Item type English Books
Classification part 155.25
Call number suffix JOS
Holdings
Withdrawn status Lost status Not for loan Collection code Home library Current library Date acquired Source of acquisition Cost, normal purchase price Full call number Barcode Copy number Cost, replacement price Koha item type
      Non-fiction Tri Nagar Tri Nagar 15/09/2023 DBAD/PUB 495.00 155.25 JOS EN-121541 1 495.00 English Books

© Delhi Public Library
Hit Counter
free hit counter